000 01127cam a2200217 4500
001 WB3828-18
008 020801n2002 000 0 eng u
035 _a(Sirsi) u119143
245 _aRICS sentencing policy
260 _c2002
490 _aRICS Feature
_v 31 July 2002, (2)
520 _aEthics Conduct Consumer Policy Committee has agreed policy on sentencing for RICS Disciplinary Boards and Panels. Comes into force September 2002. Consistency in treatment of Members appearing before Disciplinary and Appeal Boards will be ensured by informing them of sanctions which may be imposed for breach of RICS rules. Emphasises each case is different, and will be treated on own facts. More information available from [email protected], t +44 (0)20 7695 1579 www.rics.org/ricscms/bin/show?class=Feature&template=/includes/showfeature.html&id=302#
590 _aWB
650 _aDISCIPLINARY BOARDS
650 _aDISCIPLINARY ACTION
650 _aDISCIPLINARY PROCEDURES
650 _aSENTENCING
650 _aRICS DISCIPLINARY BOARD
690 _aMANAGEMENT-BUSINESS MANAGEMENT-PROFESSIONAL PRACTICE
942 _n0
999 _c70871
_d70871